Robert Doisneau : Retrospective /

Պահպանված է:
Մատենագիտական մանրամասներ
Հիմնական հեղինակ: Doisneau, Robert (fotógrafo y prefacio)
Այլ հեղինակներ: Hamilton, Peter (inroducción) (inroducción), Elliott, David (prólogo) (prólogo)
Ձևաչափ: Գիրք
Լեզու:անգլերեն
Հրապարակվել է: Londres, Inglaterra : Oxford, Inglaterra : Tauris Parke Books ; The Museum of Modern Art Oxford, 1992, c1992
Շարք:(Icons)
Խորագրեր:
Ցուցիչներ: Ավելացրեք ցուցիչ
Չկան պիտակներ, Եղեք առաջինը, ով նշում է այս գրառումը!

MARC

LEADER 00000nam^a2200000^a^4500
001 000442002
005 20250526000000.0
009 20260310123415.707
020 |a 1-85043-565-0 
037 |a Acervo ITESO - Biblioteca 
041 |a ING 
082 |a 770. 944  |b DOI HAM 
100 |a Doisneau, Robert  |e (fotógrafo y prefacio) 
245 1 0 |a Robert Doisneau :  |b Retrospective /  |c Fotógrafo y prefacio R. Doisneau ; introd. de P. Hamilton ; pról. de D. Elliott. 
264 4 |a Londres, Inglaterra :  |b Tauris Parke Books ;  |a Oxford, Inglaterra :  |b The Museum of Modern Art Oxford,  |c 1992, c1992 
300 |a 128 p. ;  |c 24.0 cm. 
336 |a texto  |b txt  |2 rdacontenido 
337 |a sin mediación  |b n  |2 rdamedio 
338 |a volumen  |b nc  |2 rdasoporte 
440 1 |a (Icons) 
649 |a XX 
650 |a Fotógrafos Franceses 
650 |a Artistas Franceses 
650 |a Museos y Galerías -  |z Oxford, Inglaterra -  |x Exposiciones 
650 |a Vida Cotidiana -  |z Francia -  |x Fotografías 
650 |a Fotografía en Blanco y Negro -  |z Francia 
650 |a Fotografía Francesa -  |x Tema Principal 
650 |a Fotografía Francesa -  |x Exposiciones 
650 |a Fotografía Francesa -  |x Historia y Crítica 
650 |a Fotografía Francesa -  |y Siglo XX 
650 |a Fotografía y Sociedad -  |z Francia 
650 |a Arte Francés -  |x Exposiciones 
650 |a Arte Francés -  |x Historia y Crítica 
650 |a Arte Francés -  |y Siglo XX 
650 |a Francia -  |x Fotografías 
650 |a Doisneau, Robert -  |x Tema Principal 
700 |a Hamilton, Peter  |e (inroducción) 
700 |a Elliott, David  |e (prólogo) 
910 |a Fondo Pedro Valtierra 
920 |a Impresos - Libros 
930 |a Libros Antiguos y Raros 
905 |a 129 
901 |a 0500365277  |b IT2  |c LRA  |i D  |u 20250526 
902 |a https://opac.biblio.iteso.mx/vufind/Record/000442002